000 nam a22 a 4500
999 _c4231
_d4231
003 AKMAL
005 20170525154811.0
008 17 s2014 my | e l 000 0 may d
020 _a9789678921084
_qpaperback
082 0 4 _a346.595043 MAL
_222
090 0 0 _a346.595043
_bMAL
110 1 _aMalaysia,
_ejurisdiction governed.
_9400
245 1 0 _aKANUN TANAH NEGARA 1965 [AKTA 56/1965] :
_b(HINGGA 10HB JANUARI 2014) /
_cDisusun oleh: Lembaga Penyelidikan Undang-Undang
264 1 _aPetaling Jaya :
_bInternational Law Book Services,
_c2014
300 _a650 pages ;
_c24 cm.
490 1 _aUNDANG-UNDANG MALAYSIA
650 1 0 _aLand use
_xLaw and legislation
_zMalaysia
_98286
650 2 0 _aLand tenure
_xLaw and legislation
_zMalaysia
_98287
710 2 _aLembaga Penyelidikan Undang-Undang,
_eeditor of compilation.
_98288
830 0 _aUNDANG-UNDANG MALAYSIA
_98289
942 _2ddc
_cBOOK